000 00331nam a2200157Ia 4500
001 23623
003 IN-NITTTR
005 20251114233305.0
008 251113s9999||||xx |||||||||||||| ||eng||
040 _beng
040 _cIN-NITTTR
041 _aeng
082 _a912 P53
245 0 _aPhilip's world atlas. /
942 _2ddc
_cBK
999 _c26252
_d26252